Catálogo público

Diagnóstico de seguimiento al Pacto Mundial sobre Migración en México, 2018-2022 / (Record no. 219808)

MARC details
000 -CABECERA
campo de control de longitud fija 01296nam a2200265 a 4500
003 - IDENTIFICADOR DEL NÚMERO DE CONTROL
campo de control OSt
005 - FECHA Y HORA DE LA ÚLTIMA TRANSACCIÓN
campo de control 20240405105243.0
008 - DATOS DE LONGITUD FIJA--INFORMACIÓN GENERAL
campo de control de longitud fija 240315s2023 mx a|||| |||| 001 0 spa d
040 ## - FUENTE DE LA CATALOGACIÓN
Centro/agencia transcriptor CHAP
Normas de descripción rda
082 00 - NÚMERO DE LA CLASIFICACIÓN DECIMAL DEWEY
Número de edición 22
Número de clasificación 304.809
Número de documento/Ítem D53
245 00 - MENCIÓN DE TÍTULO
Título Diagnóstico de seguimiento al Pacto Mundial sobre Migración en México, 2018-2022 /
Mención de responsabilidad, etc. por Jesús Adrian González Mondragón ...[y otros tres] ; coordinado por Rocio González Higuera y Teresa Heessel Pimentel Vázquez.
264 #1 - PRODUCCIÓN, PUBLICACIÓN, DISTRIBUCIÓN, FABRICACIÓN Y COPYRIGHT
Producción, publicación, distribución, fabricación y copyright Ciudad de México :
Nombre del de productor, editor, distribuidor, fabricante Secretaría de Gobernación ;
-- Unidad de Politíca Migratoria :
-- Registro e Identidad Personal,
Fecha de producción, publicación, distribución, fabricación o copyright 2023.
300 ## - DESCRIPCIÓN FÍSICA
Extensión 172 páginas :
Otras características físicas gráficas.
336 ## - TIPO DE CONTENIDO
Fuente rdacontent
Término de tipo de contenido texto
Código de tipo de contenido txt
337 ## - TIPO DE MEDIO
Fuente rdamedia
Nombre/término del tipo de medio sin medio
Código del tipo de medio n
338 ## - TIPO DE SOPORTE
Fuente rdacarrier
Nombre/término del tipo de soporte volumen
Código del tipo de soporte nc
504 ## - NOTA DE BIBLIOGRAFÍA, ETC.
Nota de bibliografía, etc. Incluye referencias bibliográficas páginas : 179-181.
650 #4 - PUNTO DE ACCESO ADICIONAL DE MATERIA--TÉRMINO DE MATERIA
9 (RLIN) 188889
Término de materia o nombre geográfico como elemento de entrada Emigración e inmigración
Subdivisión de forma Estadísticas
Subdivisión general Aspectos económicos
650 #4 - PUNTO DE ACCESO ADICIONAL DE MATERIA--TÉRMINO DE MATERIA
9 (RLIN) 188890
Término de materia o nombre geográfico como elemento de entrada Emigración e inmigración
Subdivisión de forma Estadísticas
Subdivisión general Aspectos sociales
650 #4 - PUNTO DE ACCESO ADICIONAL DE MATERIA--TÉRMINO DE MATERIA
9 (RLIN) 188888
Término de materia o nombre geográfico como elemento de entrada Emigración e inmigración
Subdivisión general Política gubernamental
700 1# - PUNTO DE ACCESO ADICIONAL--NOMBRE DE PERSONA
9 (RLIN) 188887
Nombre de persona González Mondragón, Jesús Adrián
700 1# - PUNTO DE ACCESO ADICIONAL--NOMBRE DE PERSONA
9 (RLIN) 186998
Nombre de persona González Higuera, Rocio
Término indicativo de función/relación Coordinador.
700 1# - PUNTO DE ACCESO ADICIONAL--NOMBRE DE PERSONA
9 (RLIN) 188886
Nombre de persona Pimentel Vázquez, Teresa Heessel
Término indicativo de función/relación Coordinador.
942 ## - ELEMENTOS DE PUNTO DE ACCESO ADICIONAL (KOHA)
Fuente del sistema de clasificación o colocación Dewey Decimal Classification
Tipo de ítem Koha Libro
Holdings
Estado de retiro Estado de pérdida Fuente del sistema de clasificación o colocación Estado dañado Restricciones de uso No para préstamo Código de colección Localización permanente Ubicación/localización actual Ubicación en estantería Fecha de adquisición Total de préstamos Renovaciones totales Signatura topográfica completa Código de barras Fecha visto por última vez Fecha del último préstamo Precio válido a partir de Tipo de ítem Koha
    Dewey Decimal Classification   Préstamo 15 días   General Biblioteca Central Biblioteca Central Planta alta - Colección General 15/03/2024 1 1 304.809 D53 33724002585344 31/05/2024 02/05/2024 15/03/2024 Libro